[Event "BEM Mfr 2023 Qualifikation"]
[Site "Bei SW Nürnberg Süd"]
[Date "2023.09.06"]
[Round "1.1"]
[White "Assem Gawdat Azmy, Mostafa"]
[Black "Friedrich, Michael"]
[Result "1-0"]
[WhiteElo "1401"]
[BlackElo "1650"]
[PlyCount "28"]
[EventDate "2023.??.??"]
[WhiteTeam "vereinslos Erl"]
[BlackTeam "SC Erlangen"]

1. e4 g6 2. d4 Bg7 3. Nf3 d6 4. c4 c5 5. Be3 Nd7 6. Nc3 Ngf6 7. Be2 O-O 8. O-O
b6 9. Qc2 cxd4 10. Bxd4 Bb7 11. Rad1 Rc8 12. e5 dxe5 13. Nxe5 Qc7 14. Nb5 Nxe5
1-0

[Event "BEM Mfr 2023 Qualifikation"]
[Site "Bei SW Nürnberg Süd"]
[Date "2023.09.06"]
[Round "1.2"]
[White "Garcia Jarri, Jonathan"]
[Black "Ayhan, Elian"]
[Result "1-0"]
[WhiteElo "1653"]
[BlackElo "1161"]
[PlyCount "53"]
[EventDate "2023.??.??"]
[WhiteTeam "SC Stein"]
[BlackTeam "BSG Wöhrlhaus"]

1. e4 c6 2. Nc3 d5 3. Nf3 Bg4 4. exd5 Bxf3 5. Qxf3 cxd5 6. Qxd5 Qxd5 7. Nxd5
Kd8 8. d4 e6 9. Ne3 Nf6 10. g4 h6 11. Bg2 Kc7 12. h3 Bb4+ 13. c3 Bd6 14. Nc4
Nd5 15. Nxd6 Kxd6 16. c4 Nb4 17. Bf4+ Ke7 18. Kd2 N8c6 19. Kc3 a5 20. a3 Na6
21. d5 exd5 22. Bxd5 Rhd8 23. Rhe1+ Kf8 24. Rad1 Nc5 25. Bxc6 Rxd1 26. Rxd1
bxc6 27. Bd6+ 1-0

[Event "BEM Mfr 2023 Qualifikation"]
[Site "Bei SW Nürnberg Süd"]
[Date "2023.09.06"]
[Round "1.3"]
[White "Ben Ali, Aymen"]
[Black "Hahn, Thomas"]
[Result "0-1"]
[WhiteElo "1250"]
[BlackElo "1775"]
[PlyCount "122"]
[EventDate "2023.??.??"]
[WhiteTeam "vereinslos Nbg"]
[BlackTeam "Zabo-Eintracht Nbg."]

1. e4 c5 2. Nc3 d6 3. Bc4 Nf6 4. Nf3 g6 5. O-O Bg7 6. d3 O-O 7. Be3 Nbd7 8. h3
a6 9. Qd2 b5 10. Bb3 Nb6 11. Bh6 Bd7 12. Bxg7 Kxg7 13. Rfe1 c4 14. dxc4 bxc4
15. e5 dxe5 16. Nxe5 cxb3 17. axb3 Bb5 18. Qg5 Qc7 19. Ng4 Nxg4 20. Qxg4 e6 21.
h4 Nd5 22. Nxd5 exd5 23. Qd4+ Kg8 24. Rac1 Rfe8 25. h5 h6 26. hxg6 fxg6 27.
Qxd5+ Qf7 28. Qd2 Rxe1+ 29. Rxe1 Kh7 30. c4 Bc6 31. Qb4 Re8 32. Rxe8 Qxe8 33.
Qb6 Qc8 34. b4 Qb7 35. Qxb7+ Bxb7 36. b5 axb5 37. cxb5 Kg7 38. Kh2 Kf6 39. Kg3
Kf5 40. f3 g5 41. Kh3 Kf4 42. b6 h5 43. g4 h4 44. b4 Kxf3 45. b5 Bd5 46. b7
Bxb7 47. b6 Bd5 48. Kh2 Kxg4 49. b7 Bxb7 50. Kg1 Kg3 51. Kf1 h3 52. Ke2 h2 53.
Kd3 h1=Q 54. Kc4 Qd5+ 55. Kc3 Ba6 56. Kb2 Qd3 57. Kc1 Qe2 58. Kb1 Qd2 59. Ka1
Bc4 60. Kb1 Kf3 61. Ka1 Qa2# 0-1

[Event "BEM Mfr 2023 Qualifikation"]
[Site "Bei SW Nürnberg Süd"]
[Date "2023.09.06"]
[Round "1.4"]
[White "Kuhmann, Silas"]
[Black "Babichev, Vyacheslav"]
[Result "0-1"]
[WhiteElo "1257"]
[BlackElo "1706"]
[Annotator ""]
[PlyCount "122"]
[EventDate "2023.??.??"]
[WhiteTeam "TSV Kirchehrenbach"]
[BlackTeam "SW Nürnberg Süd"]

1. f4 e5 2. fxe5 Nc6 3. Nf3 d6 4. exd6 Bxd6 5. d4 Bg4 6. Nbd2 Nxd4 7. e4 Qf6 8. Be2 Nxf3+
9. Bxf3 Qh4+ 10. g3 Bxg3+ 11. hxg3 Qxh1+ 12. Bxh1 Bxd1 13. Kxd1 O-O-O 14. b3 f6
15. Ba3 Nh6 16. Ke2 Rd7 17. Re1 Rhd8 18. Nf1 g5 19. Bb2 Rd6 20. Bg2 g4 21. Bc1
Nf7 22. Ne3 Ne5 23. Rd1 Rxd1 24. Nxd1 h5 25. Bb2 Nf3 26. Bxf3 gxf3+ 27. Ke1 Re8
28. Nf2 f5 29. e5 Rg8 30. Nh1 h4 31. Kf2 hxg3+ 32. Nxg3 f4 33. Nf1 Rg2+ 34.
Kxf3 Rxc2 35. Bd4 c5 36. Bf2 b6 37. Be1 Rc1 38. Ke2 Rc2+ 39. Nd2 Rxa2 40. Kf3
Kd7 41. Kxf4 Ke6 42. Ke4 Ra1 43. Bf2 Ra2 44. Be1 Ra1 45. Bf2 Rh1 46. Nf3 Rf1
47. Bh4 Rb1 48. Nd2 Rb2 49. Be1 b5 50. Kd3 Kxe5 51. Bf2 Kd5 52. Kc3 Ra2 53. Be3
a5 54. Nb1 Re2 55. Kd3 Rb2 56. Nd2 Ra2 57. Ne4 c4+ 58. bxc4+ bxc4+ 59. Kc3 Ra3+
60. Kb2 Rxe3 61. Nc3+ Kc5 0-1

[Event "BEM Mfr 2023 Qualifikation"]
[Site "Bei SW Nürnberg Süd"]
[Date "2023.09.06"]
[Round "1.5"]
[White "Becker, Christian"]
[Black "Oeztuerk, Dilara"]
[Result "1-0"]
[WhiteElo "1676"]
[BlackElo "1375"]
[PlyCount "93"]
[EventDate "2023.??.??"]
[WhiteTeam "SW Nürnberg Süd"]
[BlackTeam "Zabo Eintracht Nbg."]

1. d4 d5 2. Nf3 e6 3. c4 c6 4. Nc3 dxc4 5. e3 b5 6. a4 a6 7. axb5 cxb5 8. Nxb5
axb5 9. Rxa8 Na6 10. Bxc4 Bb4+ 11. Bd2 Bxd2+ 12. Nxd2 bxc4 13. Qa4+ Kf8 14. O-O
Ne7 15. Rxa6 Bxa6 16. Qxa6 g6 17. Nxc4 Kg7 18. Ra1 Qc8 19. Kf1 Qxa6 20. Rxa6
Rc8 21. b3 Rb8 22. Rb6 Ra8 23. e4 Nc8 24. Rb7 Ra2 25. Rc7 Ra8 26. Ke2 Rb8 27.
Kd2 Nb6 28. Ne5 Rf8 29. Kc3 Nc8 30. Nc4 Rd8 31. Kb4 Nd6 32. Nxd6 Rxd6 33. Kc5
Ra6 34. b4 Ra2 35. b5 Rc2+ 36. Kb6 Rxf2 37. Ka7 Rxg2 38. b6 Ra2+ 39. Kb8 Rxh2
40. b7 h5 41. Kc8 Rb2 42. b8=Q Rxb8+ 43. Kxb8 g5 44. d5 exd5 45. exd5 Kf8 46.
d6 Ke8 47. Kc8 1-0

[Event "BEM Mfr 2023 Qualifikation"]
[Site "Bei SW Nürnberg Süd"]
[Date "2023.09.06"]
[Round "1.6"]
[White "Hanek, Erik"]
[Black "Bursian, Tim"]
[Result "0-1"]
[WhiteElo "1498"]
[BlackElo "1615"]
[PlyCount "68"]
[EventDate "2023.??.??"]
[WhiteTeam "SW Nürnberg Süd"]
[BlackTeam "SC Jäklechemie"]

1. d4 d5 2. Nf3 Nf6 3. e3 Bg4 4. Bd3 e6 5. O-O Bd6 6. Nbd2 O-O 7. b3 Nc6 8. Bb2
Nb4 9. Be2 Bf5 10. a3 Bxc2 11. Qc1 Bd3 12. Qd1 Bxe2 13. Qxe2 Nc6 14. Ne5 Ne7
15. Rac1 c6 16. f4 Rc8 17. Qd3 Qb6 18. Ndf3 Rc7 19. b4 a5 20. Bc3 axb4 21. Bxb4
Bxb4 22. Rb1 c5 23. dxc5 Qxc5 24. Rxb4 Nc6 25. Rb5 Qe7 26. Rfb1 Nxe5 27. Nxe5
Ne4 28. Rb6 Rfc8 29. Rd1 Rc2 30. Qb3 Rc1 31. a4 Qc5 32. h3 Rxd1+ 33. Qxd1 Qxe3+
34. Kh2 Qxb6 0-1

[Event "BEM Mfr 2023 Qualifikation"]
[Site "Bei SW Nürnberg Süd"]
[Date "2023.09.06"]
[Round "1.7"]
[White "Cordts, Elof"]
[Black "Majid, Hakim"]
[Result "1-0"]
[WhiteElo "1647"]
[BlackElo "1430"]
[PlyCount "43"]
[EventDate "2023.??.??"]
[WhiteTeam "SC Erlangen"]
[BlackTeam "SW Nürnberg Süd"]

1. e4 e5 2. Nf3 Nc6 3. Bc4 Be7 4. d3 Nf6 5. c3 O-O 6. Bb3 d5 7. Qe2 dxe4 8.
dxe4 Bg4 9. h3 Bd7 10. O-O Bd6 11. Rd1 Qc8 12. Bg5 Bxh3 13. gxh3 Qxh3 14. Nh2
Nh5 15. Rd3 Nf4 16. Bxf4 Qxd3 17. Qxd3 exf4 18. Nf3 Rad8 19. Nbd2 h6 20. Re1 g5
21. Bc2 g4 22. e5 1-0

[Event "BEM Mfr 2023 Qualifikation"]
[Site "Bei SW Nürnberg Süd"]
[Date "2023.09.06"]
[Round "1.8"]
[White "Müller, Gerhard"]
[Black "Dakic, Milan"]
[Result "0-1"]
[WhiteElo "1786"]
[BlackElo "1793"]
[PlyCount "71"]
[EventDate "2023.??.??"]
[WhiteTeam "SW Nürnberg Süd"]
[BlackTeam "vereinslos_Nbg"]

1. d4 Nf6 2. Nc3 e6 3. Bf4 b6 4. e3 Bb7 5. Nf3 Be7 6. Bd3 O-O 7. Qe2 d6 8. h3
c5 9. dxc5 bxc5 10. O-O d5 11. b3 a6 12. Ne5 Bd6 13. Qf3 Qc7 14. Ng4 Nbd7 15.
Nxf6+ Nxf6 16. Bxd6 Qxd6 17. Ne2 e5 18. Qg3 Qe7 19. c3 Nh5 20. Qg4 g6 21. Ng3
Bc8 22. Qe2 Nxg3 23. fxg3 a5 24. Rf2 e4 25. Bb5 Qe5 26. Kh2 Qxc3 27. Rd1 Be6
28. Bc6 Rad8 29. Rd2 f5 30. Rc2 Qb4 31. Qf1 d4 32. exd4 cxd4 33. Qc1 Qb6 34.
Rc5 d3 35. Rb5 Qxf2 36. Rb7 0-1

[Event "BEM Mfr 2023 Qualifikation"]
[Site "Bei SW Nürnberg Süd"]
[Date "2023.09.06"]
[Round "1.9"]
[White "Elgaby, Ayman"]
[Black "Walch, Roger"]
[Result "0-1"]
[WhiteElo "919"]
[BlackElo "1671"]
[Annotator ""]
[PlyCount "92"]
[EventDate "2023.??.??"]
[WhiteTeam "Zabo-Eintracht Nbg."]
[BlackTeam "SW Nürnberg Süd"]

1. e4 c6 2. Nf3 d5 3. exd5 cxd5 4. g3 Nc6 5. Bg2 e5 6. O-O Bd6 7. d4
e4 8. Re1 Nge7 9. Nh4 O-O 10. Nc3 Be6 11. Bg5 f6 12. Bd2 Nxd4 13. Bf4 Ndf5 14.
Nxf5 Nxf5 15. Bh3 Bxf4 16. gxf4 g6 17. Bxf5 gxf5 18. Nb5 Rf7 19. Re3 Rg7+ 20.
Rg3 Qf8 21. Nc7 Rxg3+ 22. fxg3 Qc5+ 23. Kg2 Qxc7 24. c3 Rd8 25. Qd4 Kf7 26.
Qxa7 d4 27. Rc1 d3 28. Rd1 Rd5 29. Qf2 Ra5 30. a3 Bd5 31. Qe3 Rb5 32. Rd2 Bb3
33. h3 Qc6 34. Kh2 Bc2 35. g4 fxg4 36. hxg4 h5 37. g5 fxg5 38. fxg5 Rf5 39. Kg2
Rf3 40. Qxf3+ exf3+ 41. Kf2 Qe4 42. b4 Qf4 43. Ke1 Qe3+ 44. Kf1 Qxd2 45. b5
Qg2+ 46. Ke1 Qe2# 0-1

[Event "BEM Mfr 2023 Qualifikation"]
[Site "Bei SW Nürnberg Süd"]
[Date "2023.09.06"]
[Round "1.10"]
[White "Weißmann, Peter"]
[Black "Engel, David"]
[Result "1-0"]
[WhiteElo "1711"]
[BlackElo "1250"]
[PlyCount "61"]
[EventDate "2023.??.??"]
[WhiteTeam "SGem Fürth"]
[BlackTeam "Zabo-Eintracht Nbg."]

1. e4 c5 2. Nf3 d6 3. d4 cxd4 4. Nxd4 g6 5. c4 Bg7 6. Be3 Nc6 7. Nc3 Nf6 8. Be2
Nd7 9. O-O O-O 10. Qd2 Nde5 11. Rad1 Qc7 12. Nd5 Qd8 13. h3 Re8 14. f4 Nxd4 15.
Bxd4 Nc6 16. Bxg7 Kxg7 17. f5 Ne5 18. Nxe7 Qb6+ 19. Kh1 Rd8 20. f6+ Kf8 21. Nd5
Qc5 22. b4 Qc6 23. Ne7 Qxe4 24. c5 Bxh3 25. Qh6+ Ke8 26. Bb5+ Bd7 27. Bxd7+
Kxd7 28. Rxd6+ Kc7 29. Nd5+ Kc8 30. Rxd8+ Kxd8 31. Qf8+ 1-0

[Event "BEM Mfr 2023 Qualifikation"]
[Site "Bei SW Nürnberg Süd"]
[Date "2023.09.07"]
[Round "2.1"]
[White "Dakic, Milan"]
[Black "Blumenthal Tuset, Sebastian"]
[Result "0-1"]
[WhiteElo "1793"]
[BlackElo "1241"]
[PlyCount "92"]
[EventDate "2023.??.??"]
[WhiteTeam "vereinslos_Nbg"]
[BlackTeam "SC N-T Nürnberg"]

1. e4 e5 2. Nf3 Nc6 3. Bc4 Bc5 4. c3 Nf6 5. d3 h6 6. b4 Bd6 7. Nbd2 O-O 8. h3
Re8 9. O-O Bf8 10. Re1 d6 11. Bb3 Be6 12. Bc2 a6 13. a4 g6 14. Nf1 Bg7 15. Ng3
d5 16. exd5 Nxd5 17. Bd2 f6 18. d4 Bf7 19. Qc1 exd4 20. Rxe8+ Qxe8 21. Nxd4
Nxd4 22. cxd4 h5 23. Bh6 Nxb4 24. Ne4 Nxc2 25. Qxc2 f5 26. Bxg7 Kxg7 27. Nc5
Qc6 28. Qd3 b6 29. Nxa6 Bc4 30. Nb4 Bxd3 31. Nxc6 Bc2 32. Re1 Be4 33. Rc1 Rxa4
34. Ne5 Rxd4 35. Rxc7+ Kf6 36. Nd7+ Ke6 37. Nxb6 Rd1+ 38. Kh2 Rd2 39. Kg3 g5
40. h4 f4+ 41. Kh3 g4+ 42. Kh2 Rxf2 43. Kg1 Rxg2+ 44. Kf1 f3 45. Na4 Bd3+ 46.
Ke1 f2+ 0-1

[Event "BEM Mfr 2023 Qualifikation"]
[Site "Bei SW Nürnberg Süd"]
[Date "2023.09.07"]
[Round "2.2"]
[White "Bursian, Tim"]
[Black "Garcia Jarri, Jonathan"]
[Result "1/2-1/2"]
[WhiteElo "1615"]
[BlackElo "1653"]
[PlyCount "81"]
[EventDate "2023.??.??"]
[WhiteTeam "SC Jäklechemie"]
[BlackTeam "SC Stein"]

1. d4 Nf6 2. Bg5 d5 3. Nd2 c5 4. c3 cxd4 5. Qa4+ Nc6 6. cxd4 Qb6 7. e3 Qxb2 8.
Rb1 Qc3 9. Ne2 Qa5 10. Qxa5 Nxa5 11. Nc3 e6 12. Nb5 Kd7 13. Bf4 Ne8 14. Nb3
Bb4+ 15. Kd1 Nxb3 16. Rxb3 Bd6 17. Nxd6 Nxd6 18. Bb5+ Ke7 19. Ke2 Nxb5 20. Rxb5
b6 21. Rb3 Ba6+ 22. Kd2 Rhc8 23. Rc1 Rxc1 24. Kxc1 Rc8+ 25. Kb2 Bf1 26. g4 h6
27. h4 Bg2 28. Ra3 a5 29. Rb3 Rc6 30. Bb8 Bf1 31. g5 hxg5 32. hxg5 b5 33. Ba7
a4 34. Rc3 Rxc3 35. Kxc3 g6 36. Bc5+ Kd7 37. a3 Kc6 38. Kb4 Kd7 39. Ka5 Kc6 40.
Kb4 Kd7 41. Ka5 1/2-1/2

[Event "BEM Mfr 2023 Qualifikation"]
[Site "Bei SW Nürnberg Süd"]
[Date "2023.09.07"]
[Round "2.3"]
[White "Hahn, Thomas"]
[Black "Becker, Christian"]
[Result "1-0"]
[WhiteElo "1775"]
[BlackElo "1676"]
[PlyCount "67"]
[EventDate "2023.??.??"]
[WhiteTeam "Zabo-Eintracht Nbg."]
[BlackTeam "SW Nürnberg Süd"]

1. e4 g6 2. d4 Bg7 3. Be3 d6 4. Nc3 Nf6 5. Be2 O-O 6. Qd2 Re8 7. O-O-O Nbd7 8.
h4 h5 9. f3 Nb6 10. Nh3 Bxh3 11. Rxh3 e5 12. d5 Qd7 13. g4 hxg4 14. fxg4 Nxg4
15. Bxg4 Qxg4 16. Rdh1 Qh5 17. b3 Nd7 18. Nb5 Rec8 19. Kb1 a6 20. Nc3 f5 21.
exf5 gxf5 22. Rg1 Kf7 23. Rg5 Qh7 24. Qf2 f4 25. Ne4 Bf6 26. Nxf6 Nxf6 27. Rf3
Ke7 28. Qg2 Rg8 29. Bf2 Rxg5 30. hxg5 Nxd5 31. g6 Qg8 32. Rh3 Rf8 33. Rh7+ Kd8
34. Qg4 1-0

[Event "BEM Mfr 2023 Qualifikation"]
[Site "Bei SW Nürnberg Süd"]
[Date "2023.09.07"]
[Round "2.4"]
[White "Babichev, Vyacheslav"]
[Black "Weißmann, Peter"]
[Result "1-0"]
[WhiteElo "1706"]
[BlackElo "1711"]
[PlyCount "107"]
[EventDate "2023.??.??"]
[WhiteTeam "SW Nürnberg Süd"]
[BlackTeam "SGem 1882 Fürth"]

1. d4 Nf6 2. c4 e6 3. Nf3 b6 4. Bg5 Bb7 5. e3 Bb4+ 6. Nc3 Bxc3+ 7. bxc3 d6 8.
Bd3 Nbd7 9. O-O h6 10. Bh4 g5 11. Bg3 Ne4 12. Bxe4 Bxe4 13. Qe2 h5 14. Nd2 Bb7
15. f3 h4 16. Bf2 f5 17. e4 Qf6 18. c5 O-O-O 19. cxd6 cxd6 20. Rab1 Kb8 21. a4
Rc8 22. c4 g4 23. fxg4 fxg4 24. Be3 Qg6 25. Rf4 Nf6 26. e5 dxe5 27. dxe5 Ne4
28. Rxg4 Qh5 29. h3 Nc3 30. Qd3 Nxb1 31. Qxb1 Rhg8 32. Qd1 Rxg4 33. hxg4 Qxe5
34. Qe2 Ka8 35. Qf2 Qa1+ 36. Kh2 h3 37. gxh3 Qh1+ 38. Kg3 Rh8 39. Qh2 Qe1+ 40.
Qf2 Qh1 41. Qh2 Qa1 42. Kf2 e5 43. h4 Kb8 44. h5 Rf8+ 45. Ke2 Qb2 46. h6 Bf3+
47. Kf2 Ka8 48. Kg3 e4 49. Qh5 Qf6 50. Qd5+ Kb8 51. g5 Qf7 52. Qxf7 Rxf7 53. g6
Rf6 54. g7 1-0

[Event "BEM Mfr 2023 Qualifikation"]
[Site "Bei SW Nürnberg Süd"]
[Date "2023.09.07"]
[Round "2.5"]
[White "Walch, Roger"]
[Black "Cordts, Elof"]
[Result "1-0"]
[WhiteElo "1671"]
[BlackElo "1647"]
[PlyCount "45"]
[EventDate "2023.??.??"]
[WhiteTeam "SW Nürnberg Süd"]
[BlackTeam "SC Erlangen"]

1. e4 c5 2. Nf3 d6 3. Bc4 e6 4. Nc3 Nf6 5. O-O a6 6. a4 Be7 7. d4 cxd4 8. Nxd4
O-O 9. Bb3 Qc7 10. Qe2 Bd7 11. Be3 Nc6 12. Nxc6 bxc6 13. a5 d5 14. Bb6 Qc8 15.
e5 Ne8 16. Rfd1 Nc7 17. Na4 Rb8 18. Rd3 Re8 19. Rh3 Na8 20. Qh5 h6 21. Rg3 Kh8
22. Qxf7 Bf8 23. Bc5 1-0

[Event "BEM Mfr 2023 Qualifikation"]
[Site "Bei SW Nürnberg Süd"]
[Date "2023.09.07"]
[Round "2.6"]
[White "Majid, Hakim"]
[Black "Assem Gawdat Azmy, Mostafa"]
[Result "0-1"]
[WhiteElo "1430"]
[BlackElo "1401"]
[PlyCount "96"]
[EventDate "2023.??.??"]
[WhiteTeam "SW Nürnberg Süd"]
[BlackTeam "vereinslos Erl"]

1. e4 c5 2. Nf3 d6 3. Be2 Nf6 4. Nc3 e5 5. O-O Be7 6. d3 O-O 7. Nb5 a6 8. Na3
Nc6 9. c3 b5 10. Nc2 Bb7 11. Ne3 d5 12. exd5 Nxd5 13. Nf5 Qd7 14. Nxe7+ Qxe7
15. Re1 Rad8 16. Bg5 f6 17. Bh4 Nf4 18. Bf1 Qd7 19. Qc2 Nxd3 20. Red1 c4 21. b3
e4 22. Ne1 Qg4 23. Bg3 Nce5 24. h3 Qg6 25. bxc4 bxc4 26. Bxe5 fxe5 27. Qa4 Rc8
28. Nxd3 exd3 29. Qd7 Bc6 30. Qe7 Qf5 31. Rd2 Qf4 32. Rad1 e4 33. g3 Qf5 34.
Bg2 Rfe8 35. Qa7 Ba4 36. Re1 Qa5 37. Rc1 Bc2 38. Qd4 Qc5 39. Qd7 Qa3 40. Rdxc2
dxc2 41. Rxc2 Qc5 42. Bxe4 Rxe4 43. Rd2 Re1+ 44. Kh2 Qc6 45. Qxc6 Rxc6 46. Rd8+
Kf7 47. Rd4 Re2 48. Rf4+ Rf6 0-1

[Event "BEM Mfr 2023 Qualifikation"]
[Site "Bei SW Nürnberg Süd"]
[Date "2023.09.07"]
[Round "2.7"]
[White "Engel, David"]
[Black "Müller, Gerhard"]
[Result "1-0"]
[WhiteElo "1250"]
[BlackElo "1786"]
[Annotator ""]
[PlyCount "57"]
[EventDate "2023.??.??"]
[WhiteTeam "Zabo-Eintracht Nbg."]
[BlackTeam "SW Nürnberg Süd"]
 
1. e4 c5 2. Nf3 e6 3. c3 Nc6 4. d4 cxd4 5. cxd4 d5 6. e5 Qb6 7. Nc3 Bd7 8. Be2
Nge7 9. Na4 Qc7 10. Bd2 b6 11. Rc1 Qb7 12. Bg5 h6 13. Bh4 Nf5 14. Bg3 Bb4+ 15.
Nc3 O-O 16. a3 Be7 17. Bb5 Rac8 18. Qd3 a6 19. Bxa6 Qb8 20. Bxc8 Rxc8 21. O-O
Na5 22. Nxd5 exd5 23. e6 Nxg3 24. exd7 Rxc1 25. Rxc1 Nc4 26. hxg3 Qb7 27. Ne5
Nd6 28. Rc6 Qb8 29. Qa6 1-0

[Event "BEM Mfr 2023 Qualifikation"]
[Site "Bei SW Nürnberg Süd"]
[Date "2023.09.07"]
[Round "2.8"]
[White "Friedrich, Michael"]
[Black "Ben Ali, Aymen"]
[Result "1-0"]
[WhiteElo "1650"]
[BlackElo "1250"]
[Annotator ""]
[PlyCount "84"]
[EventDate "2023.??.??"]
[WhiteTeam "SC Erlangen"]
[BlackTeam "vereinslos Nbg"]

1. e4 c6 2. Nc3 d5 3. Qe2 d4 4. Nb1 e5 5. d3 Bb4+ 6. Bd2 Qa5 7. g3 Nf6 8. Bh3 Bxh3 9.
Nxh3 Bxd2+ 10. Nxd2 Qb4 11. O-O Qxb2 12. Nc4 Qb4 13. Nxe5 Qd6 14. f4 Nbd7 15.
Nc4 Qe6 16. Ng5 Qe7 17. Qf2 h6 18. Nf3 c5 19. e5 Ng4 20. Qd2 O-O 21. a4 f6 22.
h3 Ne3 23. Nxe3 dxe3 24. Qxe3 Qe6 25. g4 g5 26. f5 Qe7 27. e6 Nb6 28. Qe4 Rad8
29. Rab1 Kg7 30. a5 Nd5 31. c4 Nb4 32. d4 b6 33. axb6 axb6 34. d5 Rh8 35. Rfd1
h5 36. Rd2 Rd6 37. Ne1 hxg4 38. hxg4 Ra8 39. Rh2 Na2 40. Qh1 Ra7 41. Rh7+ Kg8
42. Rh8+ Kg7 1-0

[Event "BEM Mfr 2023 Qualifikation"]
[Site "Bei SW Nürnberg Süd"]
[Date "2023.09.07"]
[Round "2.10"]
[White "Ayhan, Elian"]
[Black "Kuhmann, Silas"]
[Result "0-1"]
[WhiteElo "1161"]
[BlackElo "1257"]
[PlyCount "82"]
[EventDate "2023.??.??"]
[WhiteTeam "BSG Wöhrlhaus"]
[BlackTeam "TSV Kirchehrenbach"]

1. d4 f5 2. c4 Nf6 3. Bg5 e6 4. Nf3 Be7 5. Nbd2 O-O 6. e3 b6 7. Be2 Bb7 8. O-O
d6 9. Bf4 h6 10. h4 Nbd7 11. b4 Qe8 12. Qb3 c5 13. Rad1 Rd8 14. Bg3 Kh8 15. Qc3
Qf7 16. dxc5 dxc5 17. bxc5 Nxc5 18. Ne5 Qe8 19. Bf3 Bxf3 20. Ndxf3 Nfe4 21. Qc2
Nxg3 22. fxg3 Ne4 23. Kh2 Bf6 24. Rxd8 Qxd8 25. Ng6+ Kg8 26. Rd1 Qc7 27. Nf4
Kf7 28. Kh3 g5 29. Nh5 g4+ 30. Kh2 gxf3 31. gxf3 Nc5 32. f4 Rd8 33. Nxf6 Kxf6
34. Qc3+ Kf7 35. Rxd8 Qxd8 36. Qe5 Ne4 37. Kh3 Nf2+ 38. Kg2 Ng4 39. Qc3 Qa8+
40. Kf1 Qf3+ 41. Ke1 Qxe3+ 0-1

[Event "BEM Mfr 2023 Qualifikation"]
[Site "Bei SW Nürnberg Süd"]
[Date "2023.09.07"]
[Round "3.1"]
[White "Blumenthal Tuset, Sebastian"]
[Black "Hahn, Thomas"]
[Result "1/2-1/2"]
[WhiteElo "1241"]
[BlackElo "1775"]
[PlyCount "75"]
[EventDate "2023.??.??"]
[WhiteTeam "SC N-T Nürnberg"]
[BlackTeam "Zabo-Eintracht Nbg."]

1. e4 c5 2. Nf3 d6 3. d4 cxd4 4. Nxd4 Nf6 5. Nc3 g6 6. Be2 Bg7 7. Be3 Nbd7 8.
Qd2 a6 9. O-O-O b5 10. a3 Bb7 11. f3 Rc8 12. Nb3 O-O 13. g4 Ne5 14. g5 Nfd7 15.
Nd5 Bxd5 16. Qxd5 Qc7 17. Qd2 Nc4 18. Bxc4 Qxc4 19. Kb1 Ne5 20. Rhf1 Qc7 21.
Qf2 Nc4 22. Bd4 e5 23. Bc3 Nxa3+ 24. bxa3 Qxc3 25. Rxd6 Rfd8 26. Rfd1 Rxd6 27.
Rxd6 a5 28. Rd3 Qc7 29. Qd2 Bf8 30. Nxa5 Ra8 31. Nb3 Bxa3 32. Rd7 Qb6 33. Qd5
Rf8 34. Qxe5 Qg1+ 35. Ka2 Bb4 36. Qxb5 Ra8+ 37. Kb2 Ba3+ 38. Ka2 1/2-1/2

[Event "BEM Mfr 2023 Qualifikation"]
[Site "Bei SW Nürnberg Süd"]
[Date "2023.09.07"]
[Round "3.2"]
[White "Assem Gawdat Azmy, Mostafa"]
[Black "Babichev, Vyacheslav"]
[Result "0-1"]
[WhiteElo "1401"]
[BlackElo "1706"]
[PlyCount "76"]
[EventDate "2023.??.??"]
[WhiteTeam "vereinslos Erl"]
[BlackTeam "SW Nürnberg Süd"]

1. e4 e5 2. Nf3 Nc6 3. d4 d6 4. dxe5 Bg4 5. exd6 Bxd6 6. Be2 Qe7 7. O-O O-O-O
8. Bd2 Nf6 9. e5 Nxe5 10. Nxe5 Bxe2 11. Qxe2 Nd7 12. Bc3 f6 13. Qe3 fxe5 14.
Qxa7 Bc5 15. Qa8+ Nb8 16. Nd2 Rd6 17. Ne4 Ra6 18. Qxa6 Nxa6 19. a3 Bd4 20. Rad1
Bxc3 21. Nxc3 Rd8 22. Rde1 Nb8 23. Re4 Nc6 24. Kh1 Rd2 25. f4 Qf7 26. Ra4 Qg6
27. Ra8+ Nb8 28. Rg1 exf4 29. Ra4 f3 30. gxf3 Qh6 31. h4 Qf6 32. Rg3 Rxc2 33.
Rc4 Rxb2 34. Rxc7+ Kd8 35. Rc4 Nc6 36. Nd5 Qe5 37. Nf4 Qe1+ 38. Rg1 Qxh4+ 0-1

[Event "BEM Mfr 2023 Qualifikation"]
[Site "Bei SW Nürnberg Süd"]
[Date "2023.09.07"]
[Round "3.3"]
[White "Garcia Jarri, Jonathan"]
[Black "Walch, Roger"]
[Result "1-0"]
[WhiteElo "1653"]
[BlackElo "1671"]
[Annotator ""]
[PlyCount "59"]
[EventDate "2023.??.??"]
[WhiteTeam "SC Stein"]
[BlackTeam "SW Nürnberg Süd"]

1. e4 c6 2. Nc3
d5 3. Nf3 dxe4 4. Nxe4 Bf5 5. Ng3 Bg6 6. h4 h6 7. Ne5 Bh7 8. Qh5 g6 9. Bc4 e6
10. Qe2 Bg7 11. Nxf7 Qe7 12. Nxh8 Bxh8 13. Qxe6 Qxe6+ 14. Bxe6 Nd7 15. Bxd7+
Kxd7 16. O-O Re8 17. c3 Bf6 18. h5 g5 19. d4 Bd3 20. Rd1 Bc2 21. Rd2 Re1+ 22.
Kh2 Bh7 23. b3 Bd8 24. Bb2 Re8 25. d5 c5 26. c4 Nf6 27. f3 g4 28. fxg4 Nxg4+
29. Kh3 Rg8 30. Rf1 1-0

[Event "BEM Mfr 2023 Qualifikation"]
[Site "Bei SW Nürnberg Süd"]
[Date "2023.09.07"]
[Round "3.4"]
[White "Becker, Christian"]
[Black "Bursian, Tim"]
[Result "1/2-1/2"]
[WhiteElo "1676"]
[BlackElo "1615"]
[PlyCount "43"]
[EventDate "2023.??.??"]
[WhiteTeam "SW Nürnberg Süd"]
[BlackTeam "SC Jäklechemie"]

1. d4 d5 2. Nf3 Nf6 3. g3 e6 4. Bg2 c5 5. Be3 c4 6. O-O Nc6 7. b3 b5 8. a4 cxb3
9. cxb3 b4 10. Nbd2 a5 11. Rc1 Bb7 12. h3 Bd6 13. Ne1 Qb6 14. Ndf3 Ne4 15. Bf4
Bxf4 16. gxf4 O-O 17. e3 Rfc8 18. Nd3 Ne7 19. Nfe5 Rxc1 20. Qxc1 Rc8 21. Qb2
Ba6 22. Rd1 1/2-1/2

[Event "BEM Mfr 2023 Qualifikation"]
[Site "Bei SW Nürnberg Süd"]
[Date "2023.09.07"]
[Round "3.5"]
[White "Kuhmann, Silas"]
[Black "Dakic, Milan"]
[Result "0-1"]
[WhiteElo "1257"]
[BlackElo "1793"]
[PlyCount "46"]
[EventDate "2023.??.??"]
[WhiteTeam "TSV Kirchehrenbach"]
[BlackTeam "vereinslos_Nbg"]

1. f4 c5 2. Nf3 Nc6 3. d3 e6 4. c3 d5 5. Qc2 Nf6 6. e4 dxe4 7. dxe4 Be7 8. Be3
O-O 9. h3 b6 10. Nbd2 Bb7 11. O-O-O Qc7 12. g4 Rfd8 13. Bd3 g6 14. g5 Nh5 15.
e5 Bf8 16. Rhg1 Ne7 17. c4 b5 18. b3 bxc4 19. bxc4 Nc6 20. Ne1 Nb4 21. Qb1 Qa5
22. Be4 Bxe4 23. Nxe4 Qa3+ 0-1

[Event "BEM Mfr 2023 Qualifikation"]
[Site "Bei SW Nürnberg Süd"]
[Date "2023.09.07"]
[Round "3.6"]
[White "Weißmann, Peter"]
[Black "Elgaby, Ayman"]
[Result "1-0"]
[WhiteElo "1711"]
[BlackElo "919"]
[PlyCount "75"]
[EventDate "2023.??.??"]
[WhiteTeam "SGem 1882 Fürth"]
[BlackTeam "Zabo-Eintracht Nbg."]

1. e4 e5 2. d4 exd4 3. Bc4 Nc6 4. Nf3 Bc5 5. c3 dxc3 6. Bxf7+ Kxf7 7. Qd5+ Ke8
8. Qxc5 Nf6 9. Nxc3 d6 10. Qg5 Rg8 11. O-O Qd7 12. e5 Ng4 13. exd6 Qxd6 14. Bf4
Qd7 15. Rad1 Qf7 16. Rfe1+ Be6 17. Qxg4 Ke7 18. Rxe6+ Qxe6 19. Re1 Qxe1+ 20.
Nxe1 Rgf8 21. Qxg7+ Rf7 22. Nd5+ Ke8 23. Nxc7+ Ke7 24. Qg5+ Rf6 25. Nxa8 h6 26.
Qg7+ Ke6 27. Nc7+ Kf5 28. Nf3 Nd8 29. Be3 Ne6 30. g4+ Ke4 31. Qxf6 Kd3 32. Qc3+
Ke4 33. Qe5+ Kd3 34. Nxe6 Kc2 35. Qc3+ Kb1 36. b3 Kxa2 37. Bc1 Kb1 38. Qb2# 1-0

[Event "BEM Mfr 2023 Qualifikation"]
[Site "Bei SW Nürnberg Süd"]
[Date "2023.09.07"]
[Round "3.7"]
[White "Cordts, Elof"]
[Black "Engel, David"]
[Result "0-1"]
[WhiteElo "1647"]
[BlackElo "1250"]
[PlyCount "68"]
[EventDate "2023.??.??"]
[WhiteTeam "SC Erlangen"]
[BlackTeam "Zabo-Eintracht Nbg."]

1. e4 c5 2. Nc3 d6 3. f4 g6 4. Nf3 Nc6 5. Bb5 Bd7 6. O-O Bg7 7. d3 Nf6 8. Qe1
O-O 9. Qh4 a6 10. Bxc6 Bxc6 11. Bd2 e6 12. Rae1 Nh5 13. Qxd8 Raxd8 14. e5 Bh8
15. b3 Ng7 16. g4 Ne8 17. Ng5 Nc7 18. Nf3 b5 19. Ne4 Bxe4 20. dxe4 dxe5 21. Ba5
Rd7 22. fxe5 Rc8 23. c4 Kf8 24. Rd1 Rcd8 25. Rxd7 Rxd7 26. Bb6 bxc4 27. Bxc5+
Ke8 28. bxc4 Rd3 29. Kf2 Rc3 30. Bd6 Rxc4 31. Rb1 Nb5 32. Nd2 Rc2 33. Ke2 Rxa2
34. Bb8 Nc3+ 0-1